LDR 00735naa#a2200181#i#450# 001 EN\\bibl\123791 005 20260601170637.1 011 ## _a2413-046X 100 ## _a20260527b2026####ek#y0engy0150####ca 102 ## _aRU 200 1# _aUNMANNED AERIAL VEHICLES IN CONSTRUCTION MONITORING: ECONOMIC EFFICIENCY, DATA PROCESSING, IMPLEMENTATION BARRIERS _eJournal article 210 1# _aMoscow _cElectronic science _d2026 215 ## _a9 с. 608 ## _aJournal article _2local 675 ## _aЭкономические прогнозы. Экономическая прогностика. Экономическое прогнозирование. 338.27 _z 700 #1 _aTyutyukova _gArina Nikolaevna 700 #1 _aAleshko _gRoman Vital'evich 856 4# _ae-integral.ru _u